Kerygma and myth a theological debate
Salvato in:
| Autore principale: | |
|---|---|
| Natura: | Libro |
| Lingua: | inglese |
| Pubblicazione: |
Nueva York
Harper & Row
1961
|
| Serie: | Harper Torchbooks
|
| Soggetti: | |
| Tags: |
Aggiungi Tag
Nessun Tag, puoi essere il primo ad aggiungerne!!
|
MARC
| LEADER | 00000nam a2200000 a 4500 | ||
|---|---|---|---|
| 001 | UCZ5372 | ||
| 003 | CL-VaPUC | ||
| 008 | 951117e19610000US |||||||||||||||||eng|d | ||
| 082 | 0 | 4 | |a 225 |b BUL |2 21 |
| 100 | 0 | |a Bultmann, Rudolf |e author |9 349314 | |
| 245 | 1 | 0 | |a Kerygma and myth a theological debate |
| 300 | |a 228 p | ||
| 942 | |c BK | ||
| 945 | |d 19951117 00:00:00 |a lriquelm | ||
| 260 | |a Nueva York |b Harper & Row |c 1961 | ||
| 600 | 0 | |a Dios |9 314467 | |
| 600 | 0 | |a Jesús |9 313614 | |
| 650 | 0 | |a Teología |9 258766 | |
| 650 | 0 | |a Textos sagrados |9 257605 | |
| 650 | 0 | |a Creencia Religiosa |9 316904 | |
| 650 | 0 | |a Mitología |9 255719 | |
| 650 | 0 | |a Religión |9 255164 | |
| 583 | |a last modification |c 19951117 00:00:00 |k Rodrigo Vera | ||
| 490 | 0 | |a Harper Torchbooks | |
| 999 | |c 241690 |d 241688 | ||
| 952 | |0 0 |1 0 |4 0 |6 225_000000000000000_BUL_1961 |7 0 |8 P |9 254093 |a BIBEDU |b BIBEDU |c BIBEDU_PB |d 2019-11-19 |i 1575031 |o 225 BUL 1961 |p 1575031 |r 2024-01-25 |w 2019-11-19 |y BK |k FIL | ||